[Event "Szuperliga - GM Szabo Laszlo"]
[Site "Nagykanizsa"]
[Date "2023.12.10"]
[Round "3.9"]
[White "Alexandrova, Angelina"]
[Black "Palczert, Matyas"]
[Result "0-1"]
[WhiteElo "1679"]
[BlackElo "2309"]
[PlyCount "45"]
[EventDate "2023.10.28"]
[EventType "team-tourn"]
[EventRounds "9"]
[EventCountry "HUN"]
[Source "chess.hu"]
[WhiteTeam "Tapolca Varosi VSE"]
[BlackTeam "Tuxera ANSK"]
[WhiteTeamCountry "HUN"]
[BlackTeamCountry "HUN"]

1. e4 c6 2. Nf3 d5 3. Nc3 Bg4 4. h3 Bxf3 5. Qxf3 e6 6. exd5 cxd5 7. Bb5+ Nc6 8.
O-O Nf6 9. d3 Bd6 10. Bg5 O-O 11. Bxf6 gxf6 12. d4 f5 13. Ne2 a6 14. Bd3 Qh4
15. c3 Kh8 16. Qe3 f4 17. Qf3 Rg8 18. Kh2 Rg7 19. g3 fxg3+ 20. fxg3 Rag8 21.
Rg1 Ne7 22. Nf4 Rxg3 23. Rxg3 0-1

[Event "Szuperliga - GM Szabo Laszlo"]
[Site "Nagykanizsa"]
[Date "2023.12.10"]
[Round "3.10"]
[White "Gara, Anita"]
[Black "Toth, Barnabas"]
[Result "1-0"]
[WhiteElo "2336"]
[BlackElo "1796"]
[PlyCount "59"]
[EventDate "2023.10.28"]
[EventType "team-tourn"]
[EventRounds "9"]
[EventCountry "HUN"]
[Source "chess.hu"]
[WhiteTeam "Tuxera ANSK"]
[BlackTeam "Tapolca Varosi VSE"]
[WhiteTeamCountry "HUN"]
[BlackTeamCountry "HUN"]

1. e4 c5 2. c3 d5 3. exd5 Qxd5 4. d4 g6 5. Nf3 Bg7 6. Na3 cxd4 7. Bc4 Qe4+ 8.
Be3 Nh6 9. cxd4 O-O 10. O-O Bg4 11. Ng5 Qxe3 12. fxe3 Bxd1 13. Raxd1 Nf5 14.
Rf3 Nc6 15. Nxf7 Bf6 16. Ng5+ Kh8 17. Ne6 Rfc8 18. g4 Nd6 19. Bb3 a5 20. g5 Bg7
21. Nf4 Bf8 22. Be6 Rd8 23. Rh3 Kg7 24. Bd5 Rdc8 25. Nc4 Nxc4 26. Bxc4 Nb4 27.
Be6 Rc2 28. Rf1 Ra6 29. Bb3 Rcc6 30. Rhf3 1-0

[Event "Szuperliga - GM Szabo Laszlo"]
[Site "Dunaharaszti"]
[Date "2024.02.18"]
[Round "4.1"]
[White "Ostovic, Matija"]
[Black "Grigoriants, Sergey"]
[Result "0-1"]
[WhiteElo "2377"]
[BlackElo "2541"]
[PlyCount "136"]
[EventDate "2023.10.28"]
[EventType "team-tourn"]
[EventRounds "9"]
[EventCountry "HUN"]
[Source "chess.hu"]
[WhiteTeam "Tapolca Varosi VSE"]
[BlackTeam "Dunaharaszti MTK"]
[WhiteTeamCountry "HUN"]
[BlackTeamCountry "HUN"]

1. e4 c5 2. c3 e6 3. d4 d5 4. exd5 Qxd5 5. Nf3 Nf6 6. Be2 Be7 7. O-O O-O 8.
dxc5 Qxd1 9. Rxd1 Bxc5 10. Ne5 Nbd7 11. Nd3 Bd6 12. Nd2 Bc7 13. Bf3 Rb8 14. b3
b6 15. Ba3 Rd8 16. Nc4 Ba6 17. Nb4 Bb5 18. Nc6 Bxc6 19. Bxc6 Ne5 20. Bb5 Ne4
21. Bb2 Nd3 22. f3 Nxb2 23. Rxd8+ Rxd8 24. fxe4 Rd1+ 25. Rxd1 Nxd1 26. Bc6 Nxc3
27. Nb2 Nxa2 28. Nd3 Nc3 29. Kf2 a5 30. h3 b5 31. Ke3 Bb6+ 32. Kd2 b4 33. Nb2
Kf8 34. Kd3 Ke7 35. Na4 Kd6 36. Be8 Nxa4 37. Bxa4 Ke5 38. Be8 f6 39. Bd7 h5 40.
g3 Bf2 41. g4 h4 42. Ke2 Bb6 43. Kf3 Ba7 44. Be8 Kd4 45. Bd7 e5 46. Bb5 Kc3 47.
Ba4 Kd2 48. Bc6 Bb6 49. Bd7 Ke1 50. Bb5 g6 51. Be8 g5 52. Bb5 a4 53. Bxa4 Kf1
54. Bb5+ Kg1 55. Bc4 Kh2 56. Bf1 Bd4 57. Bg2 Kg1 58. Bf1 f5 59. Bd3 fxe4+ 60.
Kxe4 Kg2 61. Kf5 Be3 62. Kxe5 Kxh3 63. Ke4 Bb6 64. Kf3 Kh2 65. Ke2 Kg1 66. Be4
h3 67. Kd3 Bc5 68. Kc4 Bf8 0-1

[Event "Szuperliga - GM Szabo Laszlo"]
[Site "Dunaharaszti"]
[Date "2024.02.18"]
[Round "4.2"]
[White "Csiki, Endre"]
[Black "Buzas, Bertalan"]
[Result "0-1"]
[WhiteElo "2313"]
[BlackElo "2259"]
[PlyCount "110"]
[EventDate "2023.10.28"]
[EventType "team-tourn"]
[EventRounds "9"]
[EventCountry "HUN"]
[Source "chess.hu"]
[WhiteTeam "Dunaharaszti MTK"]
[BlackTeam "Tapolca Varosi VSE"]
[WhiteTeamCountry "HUN"]
[BlackTeamCountry "HUN"]

1. e4 c6 2. Nf3 d5 3. d3 g6 4. e5 c5 5. d4 cxd4 6. Nxd4 Bg7 7. f4 Nh6 8. Be2
O-O 9. O-O Nc6 10. Be3 f6 11. exf6 Bxf6 12. Nc3 e6 13. Kh1 Nxd4 14. Bxd4 Bxd4
15. Qxd4 Nf5 16. Qd3 Qb6 17. b3 Bd7 18. Nd1 Rac8 19. c4 Bc6 20. cxd5 Bxd5 21.
Bf3 Rfd8 22. Nb2 Ne3 23. Rfe1 Nxg2 24. Kxg2 Bxf3+ 25. Qxf3 Rd2+ 26. Re2 Rcc2
27. Rxd2 Rxd2+ 28. Kh3 Rxb2 29. Rc1 Qd8 30. Qe3 Kf7 31. Qe4 Qd7 32. Rc3 Rd2 33.
Qe5 Rd3+ 34. Kg4 Rxc3 35. Qxc3 e5+ 36. Kg3 exf4+ 37. Kxf4 Qd6+ 38. Kg4 Qxh2 39.
Qf3+ Ke6 40. Qxb7 Qe2+ 41. Kg3 Qe3+ 42. Kg2 Qd2+ 43. Kf1 Qd3+ 44. Kf2 Qd4+ 45.
Kf1 h5 46. Qc8+ Kf7 47. Qc7+ Kf6 48. Qc6+ Kg5 49. a4 Qf6+ 50. Qxf6+ Kxf6 51. b4
Ke6 52. b5 Kd6 53. a5 Kc5 54. b6 axb6 55. a6 Kc6 0-1

[Event "Szuperliga - GM Szabo Laszlo"]
[Site "Dunaharaszti"]
[Date "2024.02.18"]
[Round "4.3"]
[White "Istvandi, Lajos"]
[Black "Flumbort, Andras Dr"]
[Result "1/2-1/2"]
[WhiteElo "2231"]
[BlackElo "2451"]
[PlyCount "135"]
[EventDate "2023.10.28"]
[EventType "team-tourn"]
[EventRounds "9"]
[EventCountry "HUN"]
[Source "chess.hu"]
[WhiteTeam "Tapolca Varosi VSE"]
[BlackTeam "Dunaharaszti MTK"]
[WhiteTeamCountry "HUN"]
[BlackTeamCountry "HUN"]

1. e4 c5 2. Nf3 e6 3. d4 cxd4 4. Nxd4 Nf6 5. Nc3 d6 6. g4 a6 7. g5 Nfd7 8. Be3
b5 9. Qd2 Bb7 10. f3 Nb6 11. Bd3 N8d7 12. Nb3 Rc8 13. f4 d5 14. exd5 b4 15. Ne2
Nxd5 16. Rf1 Be7 17. Bd4 e5 18. Be3 O-O 19. O-O-O Qc7 20. Kb1 a5 21. f5 e4 22.
Bxe4 Nxe3 23. Qxe3 Bxe4 24. Qxe4 Bxg5 25. Ned4 Rfe8 26. Qg2 Bf6 27. Nb5 Qe5 28.
N5d4 a4 29. Nc1 Nc5 30. Qg3 Qxg3 31. hxg3 Ne4 32. g4 a3 33. Nce2 axb2 34. Kxb2
Nc3 35. Nxc3 bxc3+ 36. Kb3 Re4 37. Nb5 Rxg4 38. Rd5 h5 39. Re1 h4 40. Re3 Rg3
41. Rdd3 Rg1 42. a4 Rb1+ 43. Ka3 Ra1+ 44. Kb3 Rb8 45. Rd7 Rb1+ 46. Kc4 Rb2 47.
Kd3 Ra2 48. Nd6 Rxa4 49. Ne4 Ra6 50. Rh3 Bd8 51. Ke2 Ra4 52. Nxc3 Rc4 53. Kd3
Rf4 54. Rd5 Rc8 55. Ne4 Be7 56. c4 Rd8 57. Ke3 Rxd5 58. Kxf4 Rd4 59. Rc3 Bb4
60. Rc2 h3 61. Ke3 Rd1 62. c5 Re1+ 63. Kf3 Rf1+ 64. Kg4 h2 65. Rxh2 Rc1 66. Rb2
Bxc5 67. Rb8+ Bf8 68. Re8 1/2-1/2

[Event "Szuperliga - GM Szabo Laszlo"]
[Site "Dunaharaszti"]
[Date "2024.02.18"]
[Round "4.4"]
[White "Hoang, Thanh Trang"]
[Black "Acs, Marton"]
[Result "1-0"]
[WhiteElo "2382"]
[BlackElo "2155"]
[PlyCount "149"]
[EventDate "2023.10.28"]
[EventType "team-tourn"]
[EventRounds "9"]
[EventCountry "HUN"]
[Source "chess.hu"]
[WhiteTeam "Dunaharaszti MTK"]
[BlackTeam "Tapolca Varosi VSE"]
[WhiteTeamCountry "HUN"]
[BlackTeamCountry "HUN"]

1. d4 Nf6 2. Nf3 e6 3. e3 b6 4. Bd3 Bb7 5. O-O c5 6. c4 Be7 7. Nc3 cxd4 8. exd4
d5 9. cxd5 Nxd5 10. Ne5 O-O 11. Qg4 Nxc3 12. bxc3 Bf6 13. Re1 Nd7 14. Bb5 Nb8
15. Bf4 Qc8 16. Qg3 g6 17. Bh6 Bg7 18. Ng4 Nc6 19. Bxg7 Kxg7 20. Qf4 Qd8 21.
Bxc6 Bxc6 22. Qe5+ f6 23. Qxe6 Qd5 24. Qxd5 Bxd5 25. Ne3 Bb7 26. a4 Rac8 27.
Rec1 f5 28. a5 b5 29. a6 Be4 30. f3 Bd3 31. Nd5 Bc4 32. Nb4 Rfe8 33. Re1 Kf7
34. Kf2 Re6 35. Rxe6 Kxe6 36. Re1+ Kd6 37. Re5 Rc7 38. Ke3 Bf1 39. Kf2 Bc4 40.
g3 Rc8 41. Ke3 Rb8 42. f4 Be6 43. Rc5 Rb6 44. Re5 Rb8 45. Nc6 Kxc6 46. Rxe6+
Kd7 47. Rf6 Ke7 48. Rc6 Kd7 49. Rc5 b4 50. Kd2 bxc3+ 51. Kxc3 Rb6 52. Ra5 Rb1
53. Kc4 Kc6 54. Re5 Rc1+ 55. Kd3 Kd6 56. Rb5 Ra1 57. Rb7 Rxa6 58. Rxh7 Kd5 59.
Rd7+ Ke6 60. Rc7 Kd6 61. Rb7 Kd5 62. Rb5+ Kd6 63. Rb8 Kd5 64. Rd8+ Ke6 65. d5+
Ke7 66. Rg8 Kf7 67. Rh8 Ra1 68. Kd4 a5 69. Ke5 Re1+ 70. Kd6 a4 71. Rh7+ Kf6 72.
Ra7 Ra1 73. Kd7 a3 74. Ke8 Re1+ 75. Kf8 1-0

[Event "Szuperliga - GM Szabo Laszlo"]
[Site "Dunaharaszti"]
[Date "2024.02.18"]
[Round "4.5"]
[White "Kassay, Krisztian"]
[Black "Popovics, Adam"]
[Result "0-1"]
[WhiteElo "2129"]
[BlackElo "2366"]
[PlyCount "84"]
[EventDate "2023.10.28"]
[EventType "team-tourn"]
[EventRounds "9"]
[EventCountry "HUN"]
[Source "chess.hu"]
[WhiteTeam "Tapolca Varosi VSE"]
[BlackTeam "Dunaharaszti MTK"]
[WhiteTeamCountry "HUN"]
[BlackTeamCountry "HUN"]

1. e4 e5 2. Nf3 Nc6 3. Bc4 Bc5 4. c3 Nf6 5. d3 d6 6. Bb3 a6 7. Nbd2 Ba7 8. O-O
O-O 9. Re1 Kh8 10. h3 Ng8 11. Nf1 f5 12. Be3 Bxe3 13. Nxe3 f4 14. Nf1 g5 15.
N3h2 Qf6 16. Qh5 Bd7 17. h4 gxh4 18. Nf3 Qg7 19. Qg5 h3 20. Qxg7+ Kxg7 21. gxh3
Rf6 22. Kh2 Rh6 23. h4 Nge7 24. N1d2 Ng6 25. Rg1 Kf6 26. Kg2 Nxh4+ 27. Nxh4
Rxh4 28. Rh1 Rxh1 29. Rxh1 Rh8 30. Nf3 h5 31. Rg1 Na5 32. Bd1 c5 33. Kh2 Be6
34. Nh4 Rg8 35. Rxg8 Bxg8 36. Nf5 Bxa2 37. Nxd6 Bb1 38. b4 cxb4 39. cxb4 Ke6
40. Nf5 Nc6 41. Bxh5 Bxd3 42. f3 Nxb4 0-1

[Event "Szuperliga - GM Szabo Laszlo"]
[Site "Dunaharaszti"]
[Date "2024.02.18"]
[Round "4.6"]
[White "Borocz, Istvan"]
[Black "Nagy, Zoltan"]
[Result "1-0"]
[WhiteElo "2312"]
[BlackElo "2114"]
[PlyCount "57"]
[EventDate "2023.10.28"]
[EventType "team-tourn"]
[EventRounds "9"]
[EventCountry "HUN"]
[Source "chess.hu"]
[WhiteTeam "Dunaharaszti MTK"]
[BlackTeam "Tapolca Varosi VSE"]
[WhiteTeamCountry "HUN"]
[BlackTeamCountry "HUN"]

1. e4 c5 2. Nf3 d6 3. Bb5+ Nc6 4. O-O Bd7 5. Re1 a6 6. Bf1 e5 7. c3 Nf6 8. d4
cxd4 9. cxd4 Bg4 10. d5 Nd4 11. Be3 Nxf3+ 12. gxf3 Bd7 13. Nd2 b5 14. a4 bxa4
15. Nc4 Rb8 16. Rxa4 Bxa4 17. Qxa4+ Qd7 18. Qxa6 Be7 19. Nb6 Qd8 20. Bb5+ Kf8
21. Rc1 g6 22. Qa7 Kg7 23. Rc7 Ng8 24. Bc6 h6 25. b4 f5 26. b5 Rh7 27. Nd7 Rc8
28. Rxc8 Qxc8 29. b6 1-0

[Event "Szuperliga - GM Szabo Laszlo"]
[Site "Dunaharaszti"]
[Date "2024.02.18"]
[Round "4.7"]
[White "Erseki, Tamara"]
[Black "Kovacs, Istvan"]
[Result "1/2-1/2"]
[WhiteElo "1879"]
[BlackElo "2079"]
[PlyCount "48"]
[EventDate "2023.10.28"]
[EventType "team-tourn"]
[EventRounds "9"]
[EventCountry "HUN"]
[Source "chess.hu"]
[WhiteTeam "Tapolca Varosi VSE"]
[BlackTeam "Dunaharaszti MTK"]
[WhiteTeamCountry "HUN"]
[BlackTeamCountry "HUN"]

1. e4 c5 2. Nf3 e6 3. d4 cxd4 4. Nxd4 Nf6 5. Nc3 d6 6. Bg5 h6 7. Bh4 Nc6 8. Be2
Qb6 9. Nb3 Be7 10. Bxf6 gxf6 11. Qd2 a6 12. Bh5 Bd7 13. O-O-O Na5 14. Nxa5 Qxa5
15. Qe2 Rc8 16. f4 Rxc3 17. bxc3 Qxc3 18. Kb1 Qb4+ 19. Kc1 Qa3+ 20. Kb1 Qb4+
21. Kc1 Qa3+ 22. Kb1 Qb4+ 23. Kc1 Qa3+ 24. Kb1 Qb4+ 1/2-1/2

[Event "Szuperliga - GM Szabo Laszlo"]
[Site "Dunaharaszti"]
[Date "2024.02.18"]
[Round "4.8"]
[White "Fodre, Sandor"]
[Black "Alexandrova, Angelina"]
[Result "1/2-1/2"]
[WhiteElo "1902"]
[BlackElo "1679"]
[PlyCount "60"]
[EventDate "2023.10.28"]
[EventType "team-tourn"]
[EventRounds "9"]
[EventCountry "HUN"]
[Source "chess.hu"]
[WhiteTeam "Dunaharaszti MTK"]
[BlackTeam "Tapolca Varosi VSE"]
[WhiteTeamCountry "HUN"]
[BlackTeamCountry "HUN"]

1. e4 e6 2. Nf3 d5 3. Nc3 Nf6 4. exd5 exd5 5. d4 Be7 6. h3 Nc6 7. Ne5 O-O 8.
Bb5 Bd7 9. O-O a6 10. Nxd7 Qxd7 11. Be2 Rfe8 12. Bf3 Bb4 13. Qd3 h6 14. Be3 Ne7
15. Bf4 Ng6 16. Bg3 Bd6 17. Ne2 b5 18. Rfe1 c6 19. c3 a5 20. a3 Re6 21. Bxd6
Qxd6 22. Ng3 Rae8 23. Qd2 Qf4 24. Red1 Qxd2 25. Rxd2 Nf4 26. Rad1 g6 27. Kf1 a4
28. Ne2 Nxe2 29. Rxe2 Nd7 30. Rde1 Rxe2 1/2-1/2

[Event "Szuperliga - GM Szabo Laszlo"]
[Site "Dunaharaszti"]
[Date "2024.02.18"]
[Round "4.9"]
[White "Erseki, Aron"]
[Black "Kovacs, Milan"]
[Result "1/2-1/2"]
[WhiteElo "1814"]
[BlackElo "2052"]
[PlyCount "72"]
[EventDate "2023.10.28"]
[EventType "team-tourn"]
[EventRounds "9"]
[EventCountry "HUN"]
[Source "chess.hu"]
[WhiteTeam "Tapolca Varosi VSE"]
[BlackTeam "Dunaharaszti MTK"]
[WhiteTeamCountry "HUN"]
[BlackTeamCountry "HUN"]

1. e4 d6 2. d4 Nf6 3. Bd3 g6 4. Ne2 Bg7 5. f3 Nc6 6. Be3 O-O 7. Qd2 e5 8. d5
Ne7 9. Bh6 Nh5 10. g4 Nf4 11. Bxg7 Nxd3+ 12. Qxd3 Kxg7 13. Nd2 f5 14. gxf5 gxf5
15. f4 Ng6 16. fxe5 Qh4+ 17. Qg3 Qxg3+ 18. hxg3 dxe5 19. O-O-O fxe4 20. Nxe4
Bg4 21. Rh2 h6 22. Re1 Rad8 23. c4 Rf3 24. Ng1 Rf7 25. Nf2 h5 26. Ngh3 Bxh3 27.
Nxh3 Rf5 28. Nf2 Rdf8 29. Ne4 b6 30. Reh1 Rf1+ 31. Kd2 Rxh1 32. Rxh1 Rf5 33.
Ke3 Kf8 34. d6 cxd6 35. Nxd6 Rf6 36. Ne4 Rf5 1/2-1/2

[Event "Szuperliga - GM Szabo Laszlo"]
[Site "Dunaharaszti"]
[Date "2024.02.18"]
[Round "4.10"]
[White "Feher, Laszlo"]
[Black "Toth, Barnabas"]
[Result "1/2-1/2"]
[WhiteElo "2059"]
[BlackElo "1811"]
[PlyCount "94"]
[EventDate "2023.10.28"]
[EventType "team-tourn"]
[EventRounds "9"]
[EventCountry "HUN"]
[Source "chess.hu"]
[WhiteTeam "Dunaharaszti MTK"]
[BlackTeam "Tapolca Varosi VSE"]
[WhiteTeamCountry "HUN"]
[BlackTeamCountry "HUN"]

1. d4 Nf6 2. Nf3 g6 3. g3 d5 4. Bg2 Bg7 5. O-O O-O 6. Nbd2 c6 7. c3 Re8 8. Re1
Na6 9. Ne5 Nd7 10. f4 Qb6 11. Kh1 Nxe5 12. fxe5 c5 13. Nb3 cxd4 14. cxd4 Rd8
15. Bg5 f6 16. exf6 Bxf6 17. Bxf6 exf6 18. Rc1 Be6 19. Qd2 Rac8 20. Qf4 Kg7 21.
Rf1 Bf5 22. Rxc8 Bxc8 23. Nc5 h5 24. h4 Bf5 25. Bf3 Nxc5 26. dxc5 Qxb2 27. Bxh5
Be4+ 28. Bf3 Qe5 29. Qxe5 Bxf3+ 30. Rxf3 fxe5 31. Rb3 Rd7 32. Kg2 Kf6 33. Kf3
Rc7 34. Rb5 Ke6 35. e4 d4 36. Ke2 g5 37. hxg5 Kf7 38. Kd3 Kg6 39. c6 bxc6 40.
Rxe5 c5 41. Kc4 Rd7 42. Rd5 Rxd5 43. exd5 Kxg5 44. g4 Kf6 45. Kd3 Ke5 46. Kc4
Kf6 47. Kd3 Ke5 1/2-1/2

[Event "Szuperliga - GM Szabo Laszlo"]
[Site "Ajka"]
[Date "2024.02.18"]
[Round "4.1"]
[White "Eljanov, Pavel"]
[Black "Sjugirov, Sanan"]
[Result "1-0"]
[WhiteElo "2699"]
[BlackElo "2695"]
[PlyCount "51"]
[EventDate "2023.10.28"]
[EventType "team-tourn"]
[EventRounds "9"]
[EventCountry "HUN"]
[Source "chess.hu"]
[WhiteTeam "Tuxera ANSK"]
[BlackTeam "Sentimento Ajka BSK"]
[WhiteTeamCountry "HUN"]
[BlackTeamCountry "HUN"]

1. d4 Nf6 2. Bf4 d5 3. e3 e6 4. Nf3 Bd6 5. Ne5 O-O 6. Nd2 c5 7. c3 Nc6 8. Bd3
Qc7 9. Ndf3 Ne4 10. O-O f6 11. Nxc6 Bxf4 12. exf4 bxc6 13. Qc1 Rb8 14. Re1 cxd4
15. cxd4 c5 16. b3 Qe7 17. Qa3 Qc7 18. Rac1 Qxf4 19. dxc5 Rb7 20. Qa4 Rd8 21.
Red1 Rbd7 22. c6 Rd6 23. Qxa7 e5 24. Qe3 g5 25. b4 Bg4 26. c7 1-0

[Event "Szuperliga - GM Szabo Laszlo"]
[Site "Ajka"]
[Date "2024.02.18"]
[Round "4.2"]
[White "Banusz, Tamas"]
[Black "Volokitin, Andrei"]
[Result "0-1"]
[WhiteElo "2621"]
[BlackElo "2663"]
[PlyCount "94"]
[EventDate "2023.10.28"]
[EventType "team-tourn"]
[EventRounds "9"]
[EventCountry "HUN"]
[Source "chess.hu"]
[WhiteTeam "Sentimento Ajka BSK"]
[BlackTeam "Tuxera ANSK"]
[WhiteTeamCountry "HUN"]
[BlackTeamCountry "HUN"]

1. c4 Nf6 2. Nc3 e5 3. Nf3 Nc6 4. d3 d5 5. cxd5 Nxd5 6. e4 Nf6 7. h3 Bc5 8. Be2
O-O 9. Be3 Qe7 10. O-O Rd8 11. Rc1 Nd4 12. Bxd4 Bxd4 13. Nxd4 Rxd4 14. Qd2 Bd7
15. Qe3 Rd8 16. f4 c5 17. Qg3 Bc6 18. b3 Nd7 19. f5 f6 20. Qe3 a5 21. Kh2 b5
22. Nb1 Nb8 23. Nd2 Na6 24. Nf3 R4d7 25. g4 a4 26. g5 Kh8 27. Rg1 a3 28. Rg4
Nb4 29. gxf6 gxf6 30. Rcg1 Qf7 31. Nh4 Nxa2 32. Ng6+ hxg6 33. fxg6 Qg7 34. Rh4+
Kg8 35. Rh7 Nc3 36. Bg4 Rxd3 37. Be6+ Kf8 38. Qxc5+ R3d6 39. Rxg7 Kxg7 40. Qa7+
Bd7 41. Bxd7 R8xd7 42. Qxa3 Ne2 43. Ra1 Nf4 44. Qa8 Rd3 45. Kg1 Rg3+ 46. Kf1
Rdd3 47. Ra7+ Kh6 0-1

[Event "Szuperliga - GM Szabo Laszlo"]
[Site "Ajka"]
[Date "2024.02.18"]
[Round "4.3"]
[White "Gledura, Benjamin"]
[Black "Prohaszka, Peter"]
[Result "1/2-1/2"]
[WhiteElo "2622"]
[BlackElo "2578"]
[PlyCount "87"]
[EventDate "2023.10.28"]
[EventType "team-tourn"]
[EventRounds "9"]
[EventCountry "HUN"]
[Source "chess.hu"]
[WhiteTeam "Tuxera ANSK"]
[BlackTeam "Sentimento Ajka BSK"]
[WhiteTeamCountry "HUN"]
[BlackTeamCountry "HUN"]

1. c4 e6 2. Nc3 d5 3. d4 Nf6 4. cxd5 exd5 5. Bg5 c6 6. e3 Bf5 7. Nge2 h6 8. Bf4
Bd6 9. Bxd6 Qxd6 10. Ng3 Bh7 11. Bd3 O-O 12. O-O Nbd7 13. f3 c5 14. Bxh7+ Kxh7
15. Qc2+ g6 16. Rad1 Rae8 17. Qf2 cxd4 18. Rxd4 Qe5 19. Re1 Nc5 20. Nf1 Re7 21.
Red1 Rd7 22. Qg3 Qxg3 23. Nxg3 Rfd8 24. R4d2 Ne6 25. Nge2 a6 26. Kf2 Kg7 27. g4
Nc7 28. h4 h5 29. g5 Ng8 30. Nf4 Ne7 31. Ne4 d4 32. exd4 Ncd5 33. Nxd5 Nxd5 34.
Rc1 Re7 35. a3 Red7 36. b4 Ne7 37. Nf6 Rxd4 38. Rxd4 Rxd4 39. Rc7 Kf8 40. Rxb7
Nf5 41. Nd7+ Ke7 42. Nf6+ Kf8 43. Nd7+ Ke8 44. Nf6+ 1/2-1/2

[Event "Szuperliga - GM Szabo Laszlo"]
[Site "Ajka"]
[Date "2024.02.18"]
[Round "4.4"]
[White "Balog, Imre"]
[Black "Balogh, Csaba"]
[Result "1/2-1/2"]
[WhiteElo "2617"]
[BlackElo "2548"]
[PlyCount "77"]
[EventDate "2023.10.28"]
[EventType "team-tourn"]
[EventRounds "9"]
[EventCountry "HUN"]
[Source "chess.hu"]
[WhiteTeam "Sentimento Ajka BSK"]
[BlackTeam "Tuxera ANSK"]
[WhiteTeamCountry "HUN"]
[BlackTeamCountry "HUN"]

1. d4 d5 2. Nf3 Nf6 3. Bf4 c5 4. e3 e6 5. Nbd2 Qb6 6. Rb1 Bd7 7. dxc5 Bxc5 8.
Bd3 O-O 9. O-O h6 10. c4 Bd6 11. Bxd6 Qxd6 12. b4 Qe7 13. e4 dxe4 14. Nxe4 Bc6
15. Ned2 Rd8 16. Qc2 a5 17. b5 Bxf3 18. Nxf3 Nbd7 19. Qc3 e5 20. Rfe1 e4 21.
Nd2 Nc5 22. Bc2 Re8 23. Re2 Qc7 24. Rbe1 Rad8 25. g3 Re5 26. Nxe4 Ncxe4 27.
Bxe4 Rxb5 28. Bf3 Rc5 29. Re7 Rd7 30. Rxd7 Qxd7 31. Rb1 Qe6 32. Rxb7 Qxc4 33.
Qxc4 Rxc4 34. Rb5 Ra4 35. Be2 g5 36. Rb2 Ne4 37. Rc2 Kg7 38. Bd3 Rd4 39. Bxe4
1/2-1/2

[Event "Szuperliga - GM Szabo Laszlo"]
[Site "Ajka"]
[Date "2024.02.18"]
[Round "4.5"]
[White "Kantor, Gergely"]
[Black "Nesterov, Arseniy"]
[Result "0-1"]
[WhiteElo "2531"]
[BlackElo "2584"]
[PlyCount "116"]
[EventDate "2023.10.28"]
[EventType "team-tourn"]
[EventRounds "9"]
[EventCountry "HUN"]
[Source "chess.hu"]
[WhiteTeam "Tuxera ANSK"]
[BlackTeam "Sentimento Ajka BSK"]
[WhiteTeamCountry "HUN"]
[BlackTeamCountry "HUN"]

1. e4 e5 2. Nf3 Nf6 3. d4 Nxe4 4. Bd3 d5 5. dxe5 Be7 6. O-O Nc6 7. Nc3 Bf5 8.
Qe1 Nb4 9. Nd4 Bg6 10. f4 Nxc3 11. Bxg6 hxg6 12. bxc3 Bc5 13. Qf2 Nc6 14. Be3
Qh4 15. g3 Qh3 16. Nf3 Bxe3 17. Qxe3 O-O-O 18. Rab1 b6 19. Qe2 Kb7 20. Rfd1 f6
21. Rb5 Qe6 22. Re1 Rhe8 23. Nd4 Qd7 24. Nb3 Ka8 25. Rd1 Qe6 26. Nd4 Nxd4 27.
cxd4 g5 28. Rb3 gxf4 29. gxf4 Qf5 30. Rf1 Rh8 31. Rg3 Rh4 32. Qd3 Qh5 33. Qf3
Qh7 34. Rf2 Kb8 35. e6 Qf5 36. e7 Re8 37. Rxg7 Rh3 38. Qe2 Rh7 39. Rfg2 Rxg7
40. Rxg7 Qxf4 41. Rg4 Qd6 42. Rg7 Qf4 43. Rg4 Qh6 44. c3 f5 45. Rg3 f4 46. Rg4
Qh7 47. Qe6 Qb1+ 48. Kf2 Qc2+ 49. Kg1 Qc1+ 50. Kf2 Qc2+ 51. Kg1 Qxc3 52. Rxf4
Qc1+ 53. Rf1 Qg5+ 54. Kh1 Rxe7 55. Qc6 Qg8 56. a4 Re2 57. Rg1 Qh7 58. Rg2 Re1+
0-1

[Event "Szuperliga - GM Szabo Laszlo"]
[Site "Ajka"]
[Date "2024.02.18"]
[Round "4.6"]
[White "Neugebauer, Martin"]
[Black "Antal, Gergely"]
[Result "1/2-1/2"]
[WhiteElo "2527"]
[BlackElo "2585"]
[PlyCount "72"]
[EventDate "2023.10.28"]
[EventType "team-tourn"]
[EventRounds "9"]
[EventCountry "HUN"]
[Source "chess.hu"]
[WhiteTeam "Sentimento Ajka BSK"]
[BlackTeam "Tuxera ANSK"]
[WhiteTeamCountry "HUN"]
[BlackTeamCountry "HUN"]

1. e4 c5 2. Nf3 Nc6 3. Bb5 g6 4. O-O Bg7 5. Bxc6 bxc6 6. Re1 Qc7 7. Na3 d5 8.
Qe2 Bg4 9. d3 Nf6 10. h3 Bxf3 11. Qxf3 O-O 12. Nb1 c4 13. Nc3 cxd3 14. cxd3
dxe4 15. dxe4 Nd7 16. Bf4 Qb7 17. b3 Nc5 18. e5 a5 19. Qe3 Ne6 20. Rac1 Rfd8
21. Na4 Rd5 22. Nc5 Nxc5 23. Rxc5 a4 24. Rec1 axb3 25. Qxb3 Qxb3 26. axb3 Rxc5
27. Rxc5 Ra1+ 28. Kh2 Ra6 29. b4 Rb6 30. g3 e6 31. Ra5 Rb8 32. Rc5 Rxb4 33.
Rxc6 h6 34. h4 Rb5 35. Rc8+ Kh7 36. Rc7 Kg8 1/2-1/2

[Event "Szuperliga - GM Szabo Laszlo"]
[Site "Ajka"]
[Date "2024.02.18"]
[Round "4.7"]
[White "Markus, Robert"]
[Black "Korpa, Bence"]
[Result "1/2-1/2"]
[WhiteElo "2600"]
[BlackElo "2544"]
[PlyCount "61"]
[EventDate "2023.10.28"]
[EventType "team-tourn"]
[EventRounds "9"]
[EventCountry "HUN"]
[Source "chess.hu"]
[WhiteTeam "Tuxera ANSK"]
[BlackTeam "Sentimento Ajka BSK"]
[WhiteTeamCountry "HUN"]
[BlackTeamCountry "HUN"]

1. d4 Nf6 2. Nf3 d5 3. c4 e6 4. e3 Be7 5. b3 O-O 6. Bb2 b6 7. Bd3 c5 8. O-O
dxc4 9. bxc4 Bb7 10. Nbd2 Nbd7 11. Qe2 Qc7 12. Rfd1 Rfd8 13. Rac1 Nf8 14. Ne5
Ng6 15. Nxg6 hxg6 16. Nf3 Bd6 17. h3 cxd4 18. exd4 Rac8 19. Ne5 Bxe5 20. Qxe5
Qxe5 21. dxe5 Ne4 22. Ba3 Nc5 23. Be2 g5 24. f3 f6 25. exf6 gxf6 26. Kf2 Kf7
27. Ke3 e5 28. Rxd8 Rxd8 29. Rd1 Rxd1 30. Bxd1 Bc8 31. Bb2 1/2-1/2

[Event "Szuperliga - GM Szabo Laszlo"]
[Site "Ajka"]
[Date "2024.02.18"]
[Round "4.9"]
[White "Palczert, Matyas"]
[Black "Pasti, Aron"]
[Result "0-1"]
[WhiteElo "2299"]
[BlackElo "2365"]
[PlyCount "82"]
[EventDate "2023.10.28"]
[EventType "team-tourn"]
[EventRounds "9"]
[EventCountry "HUN"]
[Source "chess.hu"]
[WhiteTeam "Tuxera ANSK"]
[BlackTeam "Sentimento Ajka BSK"]
[WhiteTeamCountry "HUN"]
[BlackTeamCountry "HUN"]

1. c4 e6 2. Nf3 d5 3. e3 Nf6 4. Nc3 dxc4 5. Bxc4 a6 6. d4 b5 7. Bb3 Bb7 8. O-O
b4 9. Nb1 c5 10. Ba4+ Nc6 11. Ne5 Rc8 12. Nd2 Bd6 13. Ndc4 O-O 14. Nxd6 Qxd6
15. Nxc6 Bxc6 16. Bxc6 Rxc6 17. dxc5 Qxc5 18. Bd2 Rd6 19. Qc1 Qb5 20. a3 b3 21.
Bb4 Rc6 22. Qd2 Rc2 23. Qd4 Rfc8 24. Bc3 Qd5 25. Qb6 Qb5 26. Qd4 Qd5 27. Qb6
Qc4 28. Qd4 Qxd4 29. Bxd4 Ne4 30. a4 f6 31. f3 Nd2 32. Rfe1 e5 33. Bc3 Nc4 34.
Rab1 Nb6 35. Ra1 R8xc3 36. bxc3 b2 37. Rad1 Nxa4 38. Rd8+ Kf7 39. Kf1 Nxc3 40.
Rb8 a5 41. Rb7+ Kg6 0-1